[Event "Nakhchivan 100th Ann Rep op"]
[Site "Nakhchivan"]
[Date "2024.01.10"]
[Round "1"]
[White "Mamedjarova, Zeinab"]
[Black "Baylarli, Mustafa"]
[Result "1-0"]
[WhiteElo "2173"]
[BlackElo "1232"]
[PlyCount "59"]
[EventDate "2024.01.10"]
[EventType "swiss"]
[EventRounds "9"]
[EventCountry "AZE"]
[SourceTitle "CB03_2024"]
[SourceDate "2024.01.17"]
[SourceVersion "1"]
[SourceVersionDate "2024.01.17"]
[SourceQuality "1"]

1. d4 Nf6 2. c4 g6 3. g3 Bg7 4. Bg2 0-0 5. Nf3 d6 6. 0-0 Bf5 7. Nc3 Nbd7 8. Nh4 c6 9. e4 Be6 10. d5 cxd5 11. cxd5 Bg4 12. f3 Bxf3 13. Nxf3 Qb6+ 14. Kh1 Nc5 15. Qe2 Nfd7 16. Be3 Rac8 17. Na4 Qd8 18. Nxc5 Nxc5 19. Bd4 Bxd4 20. Nxd4 Nd7 21. Bh3 Rc5 22. Bxd7 Qxd7 23. Rf4 Qa4 24. Qe3 Qb4 25. Raf1 Qxb2 26. R4f2 Qc3 27. Qxc3 Rxc3 28. Ne6 fxe6 29. Rxf8+ Kg7 30. dxe6 1-0